000
00270nam a2200121Ia 4500
008
190216s9999||||xx |||||||||||||| ||und||
100
_a
Ravi Patnaik
245
0
_a
Hindi-Vichithra Varna
260
_b
Sahithya Accadamy
300
_a
140
650
_a
Hindi
942
_c
BK
999
_c
16217
_d
16217